| 000 | 01257nam0a2200349 4500 | ||
|---|---|---|---|
| 001 | RU\NLR\BIBL_A\012307041 | ||
| 005 | 20200916174942.0 | ||
| 010 |
_a978-5-00108-643-7 _92000 |
||
| 021 |
_aRU _bКН-П-20-018713 _9КН-П-20-1474 |
||
| 035 | _a(NLR Aleph) 012307041 | ||
| 035 | _a(RuMoRGB)010318060 | ||
| 090 |
_a11350862 _c11350862 |
||
| 100 | _a20200803d2020 u y0rusy50 ca | ||
| 101 | 1 |
_arus _chun |
|
| 102 | _aRU | ||
| 105 | _ay|||z|||000ay | ||
| 181 | 0 |
_ai _baxxe |
|
| 182 | 0 | _an | |
| 200 | 1 |
_aБудапештский нуар _e[роман] _fВилмош Кондор _gперевод [с венгерского ] Л. Кулаговой |
|
| 203 |
_aТекст _bвизуальный _cнепосредственный |
||
| 210 |
_aМосква _cИздательский Дом Мещерякова _d2020 |
||
| 215 |
_a412, [3] с. _d22 |
||
| 225 | 1 | _aСерия "Детективы Вилмоша Кондора" | |
| 333 | _a16+ | ||
| 686 | 1 | _aШ6(4Вн)77-446{Лх д-в 199-50} | |
| 700 | 1 |
_aКондор _bВ. _f1954- _gВилмош _3RU\NLR\AUTH\770220734 |
|
| 942 | _cBOOK | ||
| 980 | _aNBR | ||
| 980 | _aNB | ||